Ligue 1 2019/2020 Teams - Statistics

General Stats
  • This quiz has been taken 149 times
  • The average score is 14 of 20
Answer Stats
Answer % Correct
PSG
100%
Lille
95%
Lyon
95%
Marseille
95%
Monaco
90%
Nantes
85%
Bordeaux
78%
Montpellier
74%
Nice
74%
Rennes
72%
St Etienne
71%
Toulouse
71%
Strasbourg
66%
Dijon
64%
Reims
60%
Angers
53%
Metz
53%
Amiens
48%
Brest
42%
Nimes
38%
No matching quizzes found
Score Distribution
Percent of People with Each Score
Percentile by Number Answered
Your Score History
You have not taken this quiz